000 00664nam a2200289Ia 4500
005 20260324131109.0
008 008 260324s9999 xx 000 0 eng d
020 _a9781315223698
037 _aEBOOK
040 _aCRL
040 _beng
040 _cCRL
041 _2eng
041 _aeng
084 _qCRL
100 _aHelen Black
_91184206
245 0 _aSoul Pain
245 4 _bThe Meaning of Suffering in Later Life
260 _bTaylor and Francis
260 _c2006
365 _a
365 _b220
856 _uhttp://www.taylorfrancis.com/books/9781315223698
942 _cEBOOK
999 _c1781069
_d1781069